Phát triển đội ngũ giảng viên giáo dục Quốc phòng- An ninh ở các trường Đại học khu vực Đồng bằng sông Cửu Long Luận văn thạc sĩ khoa học giáo dục . Chuyên ngành: Quản lý giáo dục. Mã số: 60140114

Đã lưu trong:
Sonraí Bibleagrafaíochta
Príomhúdar: Trần, Văn Duân
Údair Eile: Phan, Minh Tiến (Hướng dẫn)
Formáid: Luận văn Trealamh Leabhar
Teanga:Vietnamese
Foilsithe: Đồng Tháp Đại học Đồng Tháp 2014
Ábhair:
Clibeanna: Cuir Clib Leis
Gan Chlibeanna, Bí ar an gcéad duine leis an taifead seo a chlibeáil!
Thư viện lưu trữ: Trung tâm Học liệu Lê Vũ Hùng, Trường Đại học Đồng Tháp
LEADER 01348ppm a22003018a 4500
001 00033050
005 20171026081023.0
008 150326s2014 ||||||viesd
041 0 # |a vie 
082 1 4 |a 378.597 8  |b PH110TR 
100 1 # |a Trần, Văn Duân 
245 0 0 |a Phát triển đội ngũ giảng viên giáo dục Quốc phòng- An ninh ở các trường Đại học khu vực Đồng bằng sông Cửu Long  |b Luận văn thạc sĩ khoa học giáo dục . Chuyên ngành: Quản lý giáo dục. Mã số: 60140114  |c Trần Văn Duân; Phan Minh Tiến (hướng dẫn) 
260 # # |a Đồng Tháp  |b Đại học Đồng Tháp  |c 2014 
300 # # |e 1 bản tóm tắt  |a 101 tr. +phụ lục  |c 30cm. 
500 # # |a ĐTTS ghi: Bộ Giáo dục và Đào tạo. Trường Đại học Đồng Tháp 
653 # # |a Giảng viên 
653 # # |a Luận văn 
653 # # |a Đại học 
653 # # |a Quốc phòng - An ninh 
653 # # |a Phát triển đội ngũ 
700 1 # |a Phan, Minh Tiến  |e Hướng dẫn 
852 # # |j LV.0000549  |j LV.0001592 
852 # # |b Kho đọc SĐH  |j LV.0000549 
910 0 # |a kchi  |d 26/3/2015 
980 # # |a Trung tâm Học liệu Lê Vũ Hùng, Trường Đại học Đồng Tháp